000 00806nam a2200181Ia 4500
008 151202s9999||||xx |||||||||||||| ||und||
082 _bPNVM-69452
100 _aदेशमुख अनंत.
245 _aश्रीधर बळवंत टिळक -चरित्र आणि लेखसंग्रह.
260 _b"नवचैतन्य प्रकाशन,बोरोवली."
260 _c69452
300 _a146
600 _aदेशमुख अनंत.
630 _aश्रीधर बळवंत टिळक -चरित्र आणि लेखसंग्रह.
700 _aदेशमुख अनंत.
730 _aश्रीधर बळवंत टिळक -चरित्र आणि लेखसंग्रह.
942 _cBOOK
999 _c1335962
_d1335959